Physics in the arts / (Record no. 131580)
[ view plain ]
| 000 -LEADER | |
|---|---|
| fixed length control field | 01532cam a2200469 i 4500 |
| 001 - CONTROL NUMBER | |
| control field | 22550017 |
| 003 - CONTROL NUMBER IDENTIFIER | |
| control field | ARRUPE |
| 005 - DATE AND TIME OF LATEST TRANSACTION | |
| control field | 20221128115828.0 |
| 008 - FIXED-LENGTH DATA ELEMENTS--GENERAL INFORMATION | |
| fixed length control field | 220517s2022 enka b 001 0 eng d |
| 010 ## - LIBRARY OF CONGRESS CONTROL NUMBER | |
| LC control number | 2018459947 |
| 015 ## - NATIONAL BIBLIOGRAPHY NUMBER | |
| National bibliography number | GBC145541 |
| Source | bnb |
| 016 7# - NATIONAL BIBLIOGRAPHIC AGENCY CONTROL NUMBER | |
| Record control number | 020139594 |
| Source | Uk |
| 020 ## - INTERNATIONAL STANDARD BOOK NUMBER | |
| International Standard Book Number | 9780128243473 |
| Qualifying information | hardcover |
| 020 ## - INTERNATIONAL STANDARD BOOK NUMBER | |
| International Standard Book Number | 0128243473 |
| Qualifying information | hardcover |
| 020 ## - INTERNATIONAL STANDARD BOOK NUMBER | |
| Cancelled/invalid ISBN | 9780128243480 |
| Qualifying information | electronic publication |
| 028 ## - PUBLISHER NUMBER | |
| Source | Arrupe |
| 035 ## - SYSTEM CONTROL NUMBER | |
| System control number | (OCoLC)on1246517427 |
| 040 ## - CATALOGING SOURCE | |
| Original cataloging agency | UKMGB |
| Language of cataloging | eng |
| Transcribing agency | UKMGB |
| Description conventions | rda |
| Modifying agency | OCLCO |
| -- | OCLCF |
| -- | YDX |
| -- | OCLCO |
| -- | OCL |
| -- | DLC |
| 042 ## - AUTHENTICATION CODE | |
| Authentication code | lccopycat |
| 050 00 - LIBRARY OF CONGRESS CALL NUMBER | |
| Classification number | QC355.3 |
| Item number | .G55 2022 |
| 082 04 - DEWEY DECIMAL CLASSIFICATION NUMBER | |
| Classification number | 700.1/05 |
| Edition number | 23 |
| 082 04 - DEWEY DECIMAL CLASSIFICATION NUMBER | |
| Classification number | 535 |
| Edition number | 23 |
| 300 ## - PHYSICAL DESCRIPTION | |
| Other physical details | illustrations (chiefly color) ; |
| Dimensions | 25 cm |
| 100 1# - MAIN ENTRY--PERSONAL NAME | |
| Personal name | Gilbert, Pupa, |
| Relator term | author. |
| 9 (RLIN) | 52020 |
| 245 10 - TITLE STATEMENT | |
| Title | Physics in the arts / |
| Statement of responsibility, etc | P.U.P.A. Gilbert. |
| 250 ## - EDITION STATEMENT | |
| Edition statement | Third edition. |
| 300 ## - PHYSICAL DESCRIPTION | |
| Extent | xiv, 386 pages : |
| 504 ## - BIBLIOGRAPHY, ETC. NOTE | |
| Bibliography, etc | Includes bibliographical references and index. |
| 650 #0 - SUBJECT ADDED ENTRY--TOPICAL TERM | |
| Topical term or geographic name as entry element | Light. |
| 9 (RLIN) | 15702 |
| 650 #0 - SUBJECT ADDED ENTRY--TOPICAL TERM | |
| Topical term or geographic name as entry element | Optics. |
| 9 (RLIN) | 52021 |
| 650 #0 - SUBJECT ADDED ENTRY--TOPICAL TERM | |
| Topical term or geographic name as entry element | Sound. |
| 9 (RLIN) | 13779 |
| 650 #0 - SUBJECT ADDED ENTRY--TOPICAL TERM | |
| Topical term or geographic name as entry element | Music |
| General subdivision | Acoustics and physics. |
| 9 (RLIN) | 13778 |
| 650 #0 - SUBJECT ADDED ENTRY--TOPICAL TERM | |
| Topical term or geographic name as entry element | Science and the arts. |
| 9 (RLIN) | 52022 |
| 650 #7 - SUBJECT ADDED ENTRY--TOPICAL TERM | |
| Topical term or geographic name as entry element | Science and the arts. |
| Source of heading or term | fast |
| 9 (RLIN) | 52022 |
| 650 #7 - SUBJECT ADDED ENTRY--TOPICAL TERM | |
| Topical term or geographic name as entry element | Light. |
| Source of heading or term | fast |
| 9 (RLIN) | 15702 |
| 650 #7 - SUBJECT ADDED ENTRY--TOPICAL TERM | |
| Topical term or geographic name as entry element | Music |
| General subdivision | Acoustics and physics. |
| Source of heading or term | fast |
| 9 (RLIN) | 13778 |
| 650 #7 - SUBJECT ADDED ENTRY--TOPICAL TERM | |
| Topical term or geographic name as entry element | Optics. |
| Source of heading or term | fast |
| 9 (RLIN) | 52021 |
| 650 #7 - SUBJECT ADDED ENTRY--TOPICAL TERM | |
| Topical term or geographic name as entry element | Sound. |
| Source of heading or term | fast |
| 9 (RLIN) | 13779 |
| 776 08 - ADDITIONAL PHYSICAL FORM ENTRY | |
| Display text | ebook version : |
| International Standard Book Number | 9780128243480 |
| 906 ## - LOCAL DATA ELEMENT F, LDF (RLIN) | |
| a | 7 |
| b | cbc |
| c | copycat |
| d | 2 |
| e | ncip |
| f | 20 |
| g | y-gencatlg |
| 942 ## - ADDED ENTRY ELEMENTS (KOHA) | |
| Source of classification or shelving scheme | Library of Congress Classification |
| Koha item type | Monograph ( Printed materials) |
| Withdrawn status | Lost status | Source of classification or shelving scheme | Damaged status | Not for loan | Home library | Current library | Shelving location | Date acquired | Total Checkouts | Full call number | Barcode | Date last seen | Price effective from | Koha item type |
|---|---|---|---|---|---|---|---|---|---|---|---|---|---|---|
| Library of Congress Classification | ARRUPE LIBRARY | ARRUPE LIBRARY | Main Collection | 28/11/2022 | QC355.3 .G55 2022 | 46700000094 | 28/11/2022 | 28/11/2022 | Monograph ( Printed materials) |